000 00902cab a2200289 4500
001 ABS45761
008 090401t1992 xxu||||| |||| 00| 0 eng d
035 _a(Sirsi) u54938
041 _aeng
100 _aDonovan, D.
245 _aHow to qualify in Denmark
260 _c1992
350 _a0
490 _aValuer (ISVA)
_v61(1) January/ February 1992, 9(1)
520 _aDescribes the qualification system, insitutional memberships, insurance and professional regulations of estate agency in Denmark
650 _aCODE OF CONDUCT
650 _aCOMMERCE AND COMPANIES AGENCY
650 _aCOMMISSION
650 _aCONDUCT
650 _aDANISH ASSOCIATION OF CHARTERED ESTATE AGENTS
650 _aDANSK EJENDOMSMAEGLERFORENING
650 _aDE
690 _aOVERSEAS-EUROPE
690 _aMANAGEMENT-BUSINESS MANAGEMENT-PROFESSIONAL PRACTICE
942 _n0
948 _c04/03/1997
999 _c33639
_d33639